Tatuaje giratorio /

שמור ב:
מידע ביבליוגרפי
מחבר ראשי: Castro Bonilla, Alejandra 1974-
פורמט: ספר
שפה:Spanish
יצא לאור: San José, Costa Rica: Editorial Costa Rica, 1999.
נושאים:
תגים: הוספת תג
אין תגיות, היה/י הראשונ/ה לתייג את הרשומה!

MARC

LEADER 00000nam a22000007a 4500
008 150528s1999 cr |r|||| 00| p spa d
020 |a 9977236836 
040 |a CRU CIICLA-UCR 
041 |a spa 
082 |a CR861.44  |b C3551t 
100 1 |a Castro Bonilla, Alejandra  |d 1974- 
245 1 0 |a Tatuaje giratorio /  |c Alejandra Castro 
260 |a San José, Costa Rica:  |b Editorial Costa Rica,  |c 1999. 
300 |a 104 páginas 
650 7 |9 76  |a LITERATURA COSTARRICENSE  |v POESIA 
942 |2 ddc  |c BK 
999 |c 4199  |d 4199